Saint Patrick's Day: Paint a Shamrock! Quiz Stats

 Plays Quiz not verified by Sporcle

Score 0/11 Timer 03:00
0 Plays Today
% Correct
Shamrock
90%
Christianity
89.4%
Ireland
86.8%
March 17th
85.8%
18th
85%
Chicago, Illinois
82.8%
New York City
75.9%
5th
75.6%
Dublin, Ireland
67%
Newfoundland and Labrador
52.5%
Montserrat
24.9%

You're not logged in!

Compare scores with friends on all Sporcle quizzes.
OR
Log In

Show Comments

Extras

Top Quizzes Today


Score Distribution

Your Account Isn't Verified!

In order to create a playlist on Sporcle, you need to verify the email address you used during registration. Go to your Sporcle Settings to finish the process.

Report this User

Report this user for behavior that violates our Community Guidelines.

Details: